书目信息 |
| 题名: |
有机化学结构理论
|
|
| 作者: | 高振衡 编 | |
| 分册: | ||
| 出版信息: | 北京 人民教育出版社 1960 |
|
| 页数: | 309页 | |
| 开本: | 26cm | |
| 丛书名: | ||
| 单 册: | ||
| 中图分类: | O621.13 | |
| 科图分类: | ||
| 主题词: | 有机化学 | |
| 电子资源: | ||
| ISBN: | ||
| 000 | 00558nam0 2200205 450 | |
| 001 | 0640555944 | |
| 005 | 20060801105857.18 | |
| 010 | @dCNY1.60 | |
| 100 | @a20060725d1960 km y0chiy0120 ea | |
| 101 | 0 | @achi |
| 102 | @aCN@b110000 | |
| 102 | @aCN@b110000 | |
| 200 | 1 | @a有机化学结构理论@Ayou ji hua xue jie gou li lun@f高振衡编@Fgao zhen heng bian |
| 210 | @a北京@c人民教育出版社@d1960 | |
| 215 | @a309页@d26cm | |
| 606 | 0 | @a有机化学 |
| 690 | @aO621.13@v3 | |
| 701 | 0 | @a高振衡@Agao zhen heng@4编 |
| 801 | 0 | @aCN@bPFT@c20060801 |
| 905 | @a10447@dO621.13@e66 | |
| 有机化学结构理论/高振衡编.-北京:人民教育出版社,1960 |
| 309页;26cm |
| ISBN :CNY1.60 |
| ● |
| 相关链接 |
|
|
|
|
正题名:有机化学结构理论
索取号:O621.13/66
 
预约/预借
| 序号 | 登录号 | 条形码 | 馆藏地/架位号 | 状态 | 备注 |
| 1 | 0433018 | 204330189 | 密集书库/ [索取号:O621.13/66] | 在馆 | |
| 2 | 0434259 | 204342595 | 密集书库/ [索取号:O621.13/66] | 在馆 | |
| 3 | 0434260 | 204342602 | 密集书库/ [索取号:O621.13/66] | 在馆 |